Globalizácia - anglický monolingvizmus, alebo európsky multilingvizmus?

Poukázanie na vzájomne podmienený vzťah medzi kvalitou odbornej a jazykovej prípravy absolventa EU a jeho úspešnosťou v manažérskej praxi v globalizovanom ekonomickom národnom a medzinárodnom prostredí a poukázanie na potrebu zosúladiť jeho jazykovú prípravu počas štúdia s potrebami a budúcimi výzva...

ver descrição completa

Na minha lista:
Detalhes bibliográficos
Autor principal: Mruškovič, Jozef
Formato: Capítulo de Livro
Idioma:eslovaco
Assuntos:
Tags: Adicionar Tag
Sem tags, seja o primeiro a adicionar uma tag!

MARC

LEADER 00000naa$a2200000$$$4500
001 0084125
005 20240502071940.2
041 0 |a slo 
044 |a SK 
245 1 0 |a Globalizácia - anglický monolingvizmus, alebo európsky multilingvizmus?  |c Jozef Mruškovič 
520 |a Poukázanie na vzájomne podmienený vzťah medzi kvalitou odbornej a jazykovej prípravy absolventa EU a jeho úspešnosťou v manažérskej praxi v globalizovanom ekonomickom národnom a medzinárodnom prostredí a poukázanie na potrebu zosúladiť jeho jazykovú prípravu počas štúdia s potrebami a budúcimi výzvami praxe. 
610 2 0 |a jazyky cudzie 
610 2 0 |a komunikácia 
610 2 0 |a študenti 
610 2 0 |a univerzity 
610 2 0 |a štúdium vysokoškolské 
100 1 |a Mruškovič, Jozef